书目信息 |
| 题名: |
新英汉建筑装饰工程辞典
|
|
| 作者: | 李育才 , 卜纯英 主编 | |
| 分册: | ||
| 出版信息: | 北京 中国建筑工业出版社 2006.10 |
|
| 页数: | 1005页 | |
| 开本: | 21cm | |
| 丛书名: | ||
| 单 册: | ||
| 中图分类: | TU767-61 | |
| 科图分类: | ||
| 主题词: | 建筑装饰--jian zhu zhuang shi--英、汉--词典 | |
| 电子资源: | ||
| ISBN: | 7-112-08245-5 | |
| 000 | 01029nam0 2200253 450 | |
| 001 | 012007819487 | |
| 005 | 20070929101015.29 | |
| 010 | @a7-112-08245-5@b精装@dCNY88.00 | |
| 100 | @a20070727d2006 km y0chiy0120 ea | |
| 101 | 0 | @achi@aeng |
| 102 | @aCN@b110000 | |
| 105 | @ay e 000yy | |
| 200 | 1 | @a新英汉建筑装饰工程辞典@Axin ying han jian zhu zhuang shi gong cheng ci dian@d= A new English-Chinese aictionary of architectural decoration@f李育才, 卜纯英主编@Fli yu cai,bo chun ying zhu bian@zeng |
| 205 | @a第2版 | |
| 210 | @a北京@c中国建筑工业出版社@d2006.10 | |
| 215 | @a1005页@d21cm | |
| 330 | @a本书内容包括建筑规划与设计、建筑施工与管理、建筑材料与机具、装饰装潢技艺、艺术造型与雕塑、环境艺术与环境心理学、经济管理等。 | |
| 510 | 1 | @aNew English-Chinese aictionary of architectural decoration@zeng |
| 606 | 0 | @a建筑装饰@Ajian zhu zhuang shi@x英、汉@j词典 |
| 690 | @aTU767-61@v4 | |
| 701 | 0 | @a李育才@Ali yu cai@4主编 |
| 701 | 0 | @a卜纯英@Abo chun ying@4主编 |
| 801 | 0 | @aCN@c20070929 |
| 905 | @dTU767-61@eL320 | |
| 新英汉建筑装饰工程辞典= A new English-Chinese aictionary of architectural decoration/李育才, 卜纯英主编.-第2版.-北京:中国建筑工业出版社,2006.10 |
| 1005页;21cm |
| ISBN 7-112-08245-5(精装):CNY88.00 |
| 本书内容包括建筑规划与设计、建筑施工与管理、建筑材料与机具、装饰装潢技艺、艺术造型与雕塑、环境艺术与环境心理学、经济管理等。 |
| ● |
| 相关链接 |
|
|
|
正题名:新英汉建筑装饰工程辞典
索取号:TU767-61/L320
 
预约/预借
| 序号 | 登录号 | 条形码 | 馆藏地/架位号 | 状态 | 备注 |
| 1 | 249684 | 202496842 | 建筑库201/201建筑库 47排3列4层/ [索取号:TU767-61/L320] | 在馆 | |
| 2 | 249685 | 202496851 | 建筑库201/201建筑库 47排3列4层/ [索取号:TU767-61/L320] | 在馆 |